| 000 | 00916nam a2200229Ii 4500 | ||
|---|---|---|---|
| 003 | JO-AjNU | ||
| 008 | 230605s9999||||xx |||||||||||||| ||und|| | ||
| 017 | _a2005/7/1704 | ||
| 040 |
_aJO-AjNU _bara _erda _cJO-AjNU |
||
| 041 | _aara | ||
| 050 | 1 | 4 | _aBF697.5. A92 .2006 |
| 100 | 3 |
_aالعريمي،ايمن؛ تدقيق لغوي صقر،سامي, _eauthor _939777 |
|
| 245 | 0 | 0 | _aاكتشف وبرمج عقلك الباطن |
| 250 | _aط1 | ||
| 264 | 3 | 1 | _aعمان:دار عالم الثقافة للنشر والتوزيع ،دار الاسرة للنشر والتوزيع ،2006 |
| 300 | _a143ص | ||
| 336 |
_atext _btxt _2rdacontent |
||
| 337 |
_aunmediated _bn _2rdamedia |
||
| 338 |
_avolume _bnc _2rdacarrier |
||
| 490 | 0 | _aسلسلة البرمجة النفسية الذهنية | |
| 650 | 4 |
_aالشعور الباطن-علم النفس الفردي-سيكولوجية الافراد-العقل _939778 |
|
| 999 |
_aA16828 _c20396 _d20396 |
||